Najchętniej ściągane aplikacje na telefon! - Statystyki

Ogólne statystyki
  • Ten quiz został rozwiązany 1 885 razy
  • Średni wynik to 7 z 15
Statystyki odpowiedzi
Miejsce Aplikacja % Poprawnych
2. Instagram
94%
3. Facebook
92%
1. Tik Tok
92%
8. Messenger
81%
7. Snapchat
79%
4. WhatsApp
58%
10. Spotify
49%
12. Netflix
40%
11. Tinder
25%
13. OLX
22%
6. Telegram
19%
5. Shopee
16%
14. AliExpress
14%
9. CapCut
14%
15. Mapy Google
9%
Nie znaleziono quizów pasujących do podanych kryteriów
Rozkład punktacji
Procent ludzi z każdym wynikiem
Percentyl według liczby udzielonych odpowiedzi
Twoja historia wyników
Nie rozwiązałeś tego quizu